000 00450nam a2200145Ia 4500
003 OSt
005 20260122153631.0
008 211028s2015 xx 000 0 und d
040 _cAIMIT LIBRARY
041 _aeng
100 _aShourag, K P; Coth, Fr Kiran.
_g1316133
_97403
245 _aAnalysis of competition with special reference to raidco family curry powder Mavilavi Kannur /
260 _aMangalore
_bFr Kiran Coth.
_c2015
942 _2ddc
_cPRO
999 _c218973
_d218973